LEADER 01179nam a2200265 i 4500 001 000000081606 003 CaOOAMICUS 005 20180619000000.0 008 180619s1994 it u000 u ita u 013 $a53846 020 $a88-384-2189-7 040 $aSeMil$bita 100 1 $aSaldarini, Giovanni,$c.$0(OLS)http://semarc/name/1347 245 10$aContemplate colui che vi ama :$bpresbiteri e presbiterio /$cGiovanni Saldarini. 260 $aCasale Monferrato (AL) :$bPiemme,$c1994. 300 $a63 p. ;$c21 cm. 650 4$aPresbiteri - Spiritualità.$0(OLS)http://semarc/subject/4819 650 4$aPresbiteri - Formazione.$0(OLS)http://semarc/subject/12217 650 4$aPresbiterio .$0(OLS)http://semarc/subject/43220 850 $aSeMil 852 $aSeMil$W1$xVenegono$y1$m3G V 389$j46819$B46819$CSeMilBibl$Z2$F49205 $81 961 $aOmaggio: Crippa don Marco 996 $6020$a88-384-2189-7$9(OLS)http://semarc/number/271133 996 $6245$aContemplate colui che vi ama :$bpresbiteri e presbiterio$9(OLS)http://semarc/title/404641 996 $6260$aCasale Monferrato (AL) :$bPiemme$9(OLS)http://semarc/publisher/30052 LEADER 01459nam a2200253 i 4500 001 000000001155 003 CaOOAMICUS 005 20210512120957.0 008 180830s1990 it u000 u ita u 040 $aSeMil$bita 100 1 $aLéon-Dufour, Xavier,$c.$0(OLS)http://semarc/name/986 240 10$aLecture de l'Évangile selon Jean.$0(OLS)http://semarc/title/1832 245 10$aLettura dell'Evangelo secondo Giovanni /$cXavier Léon-Dufour. 260 $aCinisello Balsamo :$bEdizioni Paoline,$c1990-1998. 300 $a4 v. ;$c19 cm. 650 4$aBibbia. Nuovo Testamento. Vangelo secondo Giovanni - Commentari, studi, critica, interpretazioni.$0(OLS)http://semarc/subject/119 774 0 $t1: Capitoli 1-4.$dCinisello Balsamo : Edizioni Paoline, 1990.$kParola di Dio$z88-215-2028-5$g1$w()48331 774 0 $t2: Capitoli 5-12.$dCinisello Balsamo : Edizioni Paoline, 1992.$kParola di Dio$g2$w()61626 774 0 $t3: Gli addii del Signore.$dCinisello Balsamo : Edizioni Paoline, 1995.$kParola di Dio$z88-215-2963-0$g3$w()61949 774 0 $t4: L'ora della glorificazione.$dCinisello Balsamo : Edizioni Paoline, 1998.$kParola di Dio$z88-215-3398-0$g4$w()61627 830 3$aLa parola di Dio.$0(OLS)http://semarc/title/431465 996 $6245$aLettura dell'Evangelo secondo Giovanni$9(OLS)http://semarc/title/1872 996 $6260$aCinisello Balsamo :$bEdizioni Paoline$9(OLS)http://semarc/publisher/36103